trailing the Tiger/ (Record no. 209587)

MARC details
000 -LEADER
fixed length control field 00618nam a22001937a 4500
005 - DATE AND TIME OF LATEST TRANSACTION
control field 20250220143519.0
010 ## - LCCN (DPL NO)
LC control number ENG-143045
020 ## - INTERNATIONAL STANDARD BOOK NUMBER
Terms of availability 300.00
035 ## - SYSTEM CONTROL NUMBER
System control number EN-126577
037 ## - SOURCE OF ACQUISITION
Source of stock number/acquisition DBAD
082 ## - DEWEY DECIMAL CLASSIFICATION NUMBER
Classification number 599.756
Edition number 1
100 ## - MAIN ENTRY--PERSONAL NAME
Personal name Dhamankar, Atul
245 ## - TITLE STATEMENT
Title trailing the Tiger/
Statement of responsibility, etc By Atul Dhamankar
250 ## - EDITION STATEMENT
Edition statement 1
260 ## - PUBLICATION, DISTRIBUTION, ETC. (IMPRINT)
Place of publication, distribution, etc Mumbai
Name of publisher, distributor, etc Soniya Khare Inking Innovations
Date of publication, distribution, etc 2014
270 ## - ADDRESS
Address Ground Floor, India rinting House 42, G.D. Ambedkar MArg, Wadala
City Mumbai
Postal code 400031
Electronic mail address ipwsoniya@gmail.com
Telephone number 022-24186233
300 ## - PHYSICAL DESCRIPTION
Extent 195p.
Dimensions 21cm(pb)
Other physical details Col. Ill.
942 ## - ADDED ENTRY ELEMENTS (KOHA)
Source of classification or shelving scheme Dewey Decimal Classification
Item type English Books
Classification part 599.756
Call number suffix DHA
Holdings
Withdrawn status Lost status Not for loan Collection code Home library Current library Date acquired Source of acquisition Cost, normal purchase price Full call number Barcode Copy number Cost, replacement price Koha item type
      Non-fiction Central Library Central Library 20/02/2025 Delivery of Books Act Division 300.00 599.756 DHA EN-126577 1 300.00 English Books

© Delhi Public Library
Hit Counter
free hit counter